000 00198nam a2200073Ia 4500
008 170524s9999 xx 000 0 und d
100 _aUPADHYAYA- SHIVDUTT
245 0 _aAUDYOGIK PRABAND EVAM UDYAMITA VIKAS
260 _bBHARAT BHARTI
999 _c7729
_d7729